Представление документа в формате RUSMARC

ПолеНазваниеЗначение
  Тип записи a
  Библиографический уровень a
001 Контрольный номер RU/CBS_Ul/BASE/527886065
005 Дата корректировки 20240209175205.2
100 Данные общей обработки __
a Данные общей обработки 20160922d2016 ||| 0rusy0189 ca
101 Язык документа 0_
a Язык текста rus
102 Страна публикации __
a Страна публикации RU
105 Кодированные данные (монография) __
a Кодированные данные (монография) y###||||000|y
200 Заглавие и сведения об ответственности 1_
a Заглавие Олег Зайончковский: "Никакие убеждения не добавляют писателю таланта"
b Общее обозначение материала Текст
e Сведения, относящиеся к заглавию [интервью с писателем о новых произведениях автора "Петрович", "Сергеев и городок", "Счастье возможно"]
g Последующие сведения об ответственности беседовал В. Гуга
f Первые сведения об ответственности О. Зайончковский
300 Общие примечания __
a Общие примечания Ограничения по возрасту - 16+
461 Уровень набора _0
1 2000
a Читаем вместе
463 Уровень физической единицы _0
1 001RU/CBS_Ul/BASE/527178586
1 2000
a № 8-9
v С. 6-7.
1 210
d 2016
600 Персоналии __
a Персоналии (Фамилия) Зайончковский
b Персоналии (Имя, инициалы) О.В.
606 Тематические рубрики 0_
a Основная рубрика Зайончковский, Олег Викторович (1959)
610 Ключевые слова 0_
a Ключевые слова литература
a Ключевые слова литературоведение
a Ключевые слова писатели
a Ключевые слова современная литература
a Ключевые слова российская проза
686 Индексы других классификаций __
a Классификационный индекс 83.3(2Рос=Рус)6
2 Код системы ББК
700 Автор _1
a Фамилия Зайончковский
b Имя (инициалы) О.
801 Источник записи _0
a Страна RU
b Организация МБУК ЦБС г. Ульяновска
c Дата составления 20160922
g Правила каталогизации RCR
801 Источник записи _1
a Страна RU
b Организация МБУК ЦБС г. Ульяновска
c Дата составления 20160922
g Правила каталогизации RCR
901 Тип документа __
t Тип документа b
w Контрольный № источника RU/CBS_Ul/BASE/527178586
910 Корректоры записи __
a Корректор записи admin2
938 Служебная информация __
a Имя БД period